Normal view
MARC view
- Candler, Edmund
Entry Personal Name
001 - CONTROL NUMBER
- control field: 49919
003 - CONTROL NUMBER IDENTIFIER
- control field: NUST
005 - DATE AND TIME OF LATEST TRANSACTION
- control field: 20210314134458.0
008 - FIXED-LENGTH DATA ELEMENTS
- fixed length control field: 210314|| aca||aabn | a|a d
040 ## - CATALOGING SOURCE
- Original cataloging agency: NUST
- Transcribing agency: NUST
100 ## - HEADING--PERSONAL NAME
- Personal name: Candler, Edmund
670 ## - SOURCE DATA FOUND
- Source citation: Work cat.: (NUST): Candler, Edmund,, The long road to Baghdad, 1919.
